[Event "13th Poti Nana Aleksandria Cup"]
[Site "Poti"]
[Date "2018.07.17"]
[Round "6"]
[White "Nikulina, Alena"]
[Black "Tihonov, Gennady"]
[Result "0-1"]
[WhiteElo "1959"]
[BlackElo "1845"]
[Annotator "NA RC"]
[PlyCount "116"]
[EventDate "2018.07.13"]
[EventType "swiss"]
[EventCountry "GEO"]
[SourceTitle "playchess.com"]
[Source "ChessBase"]
[SourceQuality "1"]
[TimeControl "40/5400+30:1800+30"]

1. e4 {[%emt 0:00:00]} e5 {[%emt 0:02:23]} 2. Nf3 {[%emt 0:00:08]} Nf6 {[%emt 0:00:20]} 3. Nc3 {[%emt 0:00:05]} Nc6 {[%emt 0:00:05]} 4. d4 {[%emt 0:00:11]} exd4 {[%emt 0:00:10]} 5. Nxd4 {[%emt 0:00:02]} Bb4 {[%emt 0:00:25]} 6. Nxc6 {[%emt 0:00:09]} bxc6 {[%emt 0:00:05]} 7. Bd3 {[%emt 0:00:05]} d5 {[%emt 0:00:11]} 8. exd5 {[%emt 0:01:23]} cxd5 {[%emt 0:00:07]} 9. O-O {[%emt 0:00:04]} O-O {[%emt 0:00:32]} 10. Bg5 {[%emt 0:00:33]} c6 {[%emt 0:01:57]} 11. Qf3 {[%emt 0:00:19]} h6 {[%emt 0:00:11]} 12. Bh4 {[%emt 0:00:52] C47: Scotch Four Knights and Four Knights with 4 g3} (12. Bxf6 Qxf6 13. Qxf6 gxf6 14. Ne2 Bd6 15. Nd4 c5 16. Nf5 Bxf5 17. Bxf5 Be5 18. Rad1 Bxb2 19. Rxd5 Bd4 20. c3 Bxc3 21. Rxc5 Bd4 22. Rc4 Rfd8 23. Rfc1 Bb6 24. Rc8 Raxc8 25. Rxc8 Rxc8 26. Bxc8 {½-½ (26) Ganguly,S (2650)-Harikrishna,P (2744) Riadh 2017}) 12... g5 {[%emt 0:12:15]} 13. Bg3 {[%emt 0:21:36]} Bg4 {[%emt 0:00:18]} 14. Bc7 {[%emt 0:01:02]} Bxf3 {[%emt 0:00:20]} 15. Bxd8 {[%emt 0:00:07]} Raxd8 {[%emt 0:04:25]} 16. gxf3 {[%emt 0:00:14]} Nh5 $146 {[%emt 0:00:19]} ({Predecessor:} 16... c5 17. Ne2 c4 18. Bf5 Rfe8 19. Nd4 Bc5 {0-1 (42) Rodin,M (2366)-Sepp,O (2452) Moscow 2004}) 17. Ne2 {[%emt 0:01:48]} c5 {[%emt 0:05:36]} 18. c3 {[%emt 0:00:21]} Ba5 {[%emt 0:00:10]} 19. Rab1 {[%emt 0:22:46]} Rb8 {[%emt 0:09:30]} 20. Rfd1 {[%emt 0:01:17]} Rfe8 {[%emt 0:04:43]} 21. Kf1 {[%emt 0:00:39]} Bc7 {[%emt 0:05:44]} 22. Bc2 {[%emt 0:05:10]} Red8 {[%emt 0:06:19]} 23. Ng3 {[%emt 0:03:01]} Ng7 {[%emt 0:00:35]} 24. Bb3 {[%emt 0:02:10]} c4 {[%emt 0:00:58]} 25. Ba4 {[%emt 0:01:00]} Rb6 {[%emt 0:04:43]} 26. Rd2 {[%emt 0:11:34]} Bf4 {[%emt 0:04:12]} 27. Rdd1 {[%emt 0:08:07]} h5 {[%emt 0:00:41]} 28. h3 {[%emt 0:00:48]} h4 {[%emt 0:04:31]} 29. Ne2 {[%emt 0:00:13]} Be5 {[%emt 0:02:12]} 30. b3 {[%emt 0:03:10]} Ne6 {[%emt 0:05:26]} 31. bxc4 {[%emt 0:02:45]} Rxb1 {[%emt 0:02:20]} 32. Rxb1 {[%emt 0:00:07]} dxc4 {[%emt 0:00:05]} 33. Bb5 {[%emt 0:04:01]} Rb8 {[%emt 0:02:09]} 34. Rb4 {[%emt 0:02:59]} Bd6 {[%emt 0:01:42]} 35. Bxc4 {[%emt 0:03:38]} Bxb4 {[%emt 0:00:13]} 36. cxb4 {[%emt 0:00:02]} Rxb4 {[%emt 0:00:16]} 37. Bb3 {[%emt 0:00:27]} Nf4 {[%emt 0:02:25]} 38. Nxf4 {[%emt 0:01:06]} Rxf4 {[%emt 0:00:08]} 39. Ke2 {[%emt 0:00:05]} a5 {[%emt 0:00:24]} 40. Ke3 {[%emt 0:00:00]} a4 {[%emt 0:00:00]} 41. Bd5 {[%emt 0:01:32]} Kf8 {[%emt 0:00:51]} 42. Kd3 {[%emt 0:02:44]} Ke7 {[%emt 0:00:08]} 43. Ke3 {[%emt 0:05:34]} Kd6 {[%emt 0:00:24]} 44. Be4 {[%emt 0:00:19]} Kc5 {[%emt 0:00:25]} 45. Kd2 {[%emt 0:03:39]} Kb4 {[%emt 0:00:26]} 46. Kc2 {[%emt 0:00:18]} Ka3 {[%emt 0:00:43]} 47. Bd5 {[%emt 0:00:06]} Rf5 {[%emt 0:00:21]} 48. Be4 {[%emt 0:00:49]} Rc5+ {[%emt 0:00:44]} 49. Kb1 {[%emt 0:00:13]} Rb5+ $19 {[%emt 0:00:18]} 50. Ka1 {[%emt 0:00:48]} Rb2 {[%emt 0:00:21]} 51. Bd5 {[%emt 0:02:44]} Rxf2 {[%emt 0:00:12]} 52. Kb1 {[%emt 0:01:18]} Rh2 {[%emt 0:00:29]} 53. Bxf7 {[%emt 0:01:23]} Rxh3 {[%emt 0:02:44]} 54. Bd5 {[%emt 0:01:02]} Rg3 {[%emt 0:00:11]} 55. Be4 {[%emt 0:02:25]} h3 {[%emt 0:00:13]} 56. f4 {[%emt 0:00:37]} gxf4 {[%emt 0:00:12]} 57. Ka1 {[%emt 0:00:33]} Rg1+ {[%emt 0:00:28]} 58. Bb1 {[%emt 0:00:06]} Rxb1+ {[%emt 0:00:05]} 0-1

[Event "13th Poti Nana Aleksandria Cup"]
[Site "Poti"]
[Date "2018.07.17"]
[Round "6"]
[White "Arakelyan, Nare"]
[Black "Danielyan, Vahe"]
[Result "*"]
[WhiteElo "1834"]
[BlackElo "2317"]
[Annotator "TA"]
[PlyCount "24"]
[EventDate "2018.07.13"]
[EventType "swiss"]
[EventCountry "GEO"]
[SourceTitle "playchess.com"]
[Source "ChessBase"]
[SourceQuality "1"]

{[%evp 1,1,18]} 1. e4 {Predecessor:} d6 $146 2. d4 Nf6 3. Nc3 g6 4. Be3 c6 5. f4 b5 6. Bd3 Ng4 7. Bd2 e5 8. dxe5 dxe5 9. Qf3 exf4 10. Bxf4 Bg7 11. O-O-O O-O 12. Bxb5 Qa5 {0-1 (48) Caruana,F (2816)-Mamedyarov,S (2808) Paris 2018} *

[Event "13th Poti Nana Aleksandria Cup"]
[Site "Poti"]
[Date "2018.07.17"]
[Round "6"]
[White "Bibilashvili, Lali"]
[Black "Martynyuk, Elizaveta"]
[Result "0-1"]
[WhiteElo "1816"]
[BlackElo "2182"]
[Annotator "NA"]
[PlyCount "96"]
[EventDate "2018.07.13"]
[EventType "swiss"]
[EventCountry "GEO"]
[SourceTitle "playchess.com"]
[Source "ChessBase"]
[SourceQuality "1"]
[TimeControl "40/5400+30:1800+30"]

1. e4 {[%emt 0:01:14]} c5 {[%emt 0:00:00]} 2. Nc3 {[%emt 0:00:05]} Nc6 {[%emt 0:00:00]} 3. f4 {[%emt 0:00:04]} d6 {[%emt 0:00:00]} 4. Nf3 {[%emt 0:00:04]} g6 {[%emt 0:00:21]} 5. Bc4 {[%emt 0:00:06]} Bg7 {[%emt 0:00:11]} 6. O-O {[%emt 0:00:56]} e6 {[%emt 0:00:14]} 7. d3 {[%emt 0:02:37]} Nge7 {[%emt 0:00:10]} 8. f5 {[%emt 0:00:31]} O-O {[%emt 0:07:17]} 9. Qe1 {[%emt 0:04:36]} d5 {[%emt 0:03:16]} 10. Bb3 {[%emt 0:02:10]} c4 {[%emt 0:02:13] B23: Closed Sicilian: Lines without g3} 11. f6 {[%emt 0:11:39] LiveBook: 4 Games} Bxf6 {[%emt 0:01:18]} 12. dxc4 {[%emt 0:00:26]} dxc4 {[%emt 0:01:15]} (12... d4 13. e5 Nxe5 14. Nxe5 Bxe5 15. Qxe5 Nc6 16. Qg3 dxc3 17. bxc3 e5 18. Bh6 {0-1 (40) Najer,E (2658)-Riazantsev,A (2646) Moscow 2015}) 13. Bxc4 {[%emt 0:00:13]} Ne5 {[%emt 0:01:17]} 14. Nxe5 $146 {[%emt 0:01:51]} ({Predecessor:} 14. Bb3 N7c6 15. Bh6 Re8 16. Rd1 Qe7 17. Qg3 Bd7 18. Ng5 {1-0 (46) Skytte,R (2424)-Cukrowski,F (2196) Wroclaw 2014}) 14... Bxe5 {[%emt 0:00:17]} 15. Be3 {[%emt 0:00:30]} Qc7 {[%emt 0:01:03]} 16. Qh4 {[%emt 0:03:03]} Qxc4 {[%emt 0:01:18]} 17. Qxe7 {[%emt 0:00:07]} b6 {[%emt 0:07:14]} 18. Bh6 {[%emt 0:08:23]} Bg7 {[%emt 0:01:39]} 19. Bxg7 {[%emt 0:00:14]} Kxg7 {[%emt 0:00:04]} 20. Qf6+ {[%emt 0:00:08]} Kg8 {[%emt 0:00:06]} 21. Rad1 {[%emt 0:01:19]} Ba6 {[%emt 0:00:23]} 22. Rf2 {[%emt 0:14:20]} (22. h4 $5 {[%cal Rf1f2]}) 22... Qc7 $1 {[%emt 0:05:56]} 23. Rfd2 {[%emt 0:00:31]} Rac8 {[%emt 0:00:36]} 24. Rd7 {[%emt 0:03:21]} Qc5+ {[%emt 0:00:25]} 25. Kh1 {[%emt 0:00:33]} Qb4 {[%emt 0:03:58]} 26. Rxa7 {[%emt 0:04:50]} Qxb2 {[%emt 0:01:21]} 27. Nd5 {[%emt 0:02:21]} Qxf6 {[%emt 0:00:15]} 28. Nxf6+ {[%emt 0:00:03]} Kg7 {[%emt 0:00:21]} 29. e5 {[%emt 0:02:59]} Be2 {[%emt 0:02:56]} 30. Rd2 {[%emt 0:06:10]} Bb5 {[%emt 0:03:42]} 31. Ne4 {[%emt 0:01:41]} Ra8 {[%emt 0:00:44]} 32. Rxa8 {[%emt 0:00:32]} (32. Rc7 $11) 32... Rxa8 {[%emt 0:00:03]} 33. Nd6 {[%emt 0:14:44]} Rxa2 {[%emt 0:00:14]} 34. h3 {[%emt 0:00:27]} Ba4 {[%emt 0:00:58]} 35. Rf2 {[%emt 0:00:03]} Rxc2 {[%emt 0:00:21]} 36. Rxf7+ {[%emt 0:00:09]} Kh6 {[%emt 0:01:05]} 37. Ne4 {[%emt 0:05:13]} Bc6 {[%emt 0:01:36]} 38. Nf6 {[%emt 0:02:00]} Rxg2 {[%emt 0:00:56]} 39. h4 {[%emt 0:01:30]} Rg4+ {[%emt 0:00:39]} 40. Kh2 {[%emt 0:00:00]} Rxh4+ {[%emt 0:00:00]} 41. Kg3 {[%emt 0:00:05]} Rc4 {[%emt 0:01:08]} 42. Nxh7 {[%emt 0:01:48]} Rc3+ {[%emt 0:00:47]} 43. Kg4 {[%emt 0:02:01]} Be4 {[%emt 0:00:53]} 44. Kf4 {[%emt 0:06:54]} Bf5 {[%emt 0:01:29]} 45. Rb7 {[%emt 0:01:08]} g5+ {[%emt 0:00:09]} 46. Nxg5 {[%emt 0:00:03]} Rc4+ {[%emt 0:00:05]} 47. Kf3 {[%emt 0:00:12]} Kxg5 $19 {[%emt 0:00:03]} 48. Rxb6 {[%emt 0:00:04]} Rc3+ {[%emt 0:00:11]} 0-1

[Event "13th Poti Nana Aleksandria Cup"]
[Site "Poti"]
[Date "2018.07.18"]
[Round "7"]
[White "Pantsulaia, Levan"]
[Black "Tutisani, Noe"]
[Result "1-0"]
[WhiteElo "2575"]
[BlackElo "2469"]
[Annotator "TA"]
[PlyCount "83"]
[EventDate "2018.07.13"]
[EventType "swiss"]
[EventCountry "GEO"]
[SourceTitle "playchess.com"]
[Source "ChessBase"]
[SourceQuality "1"]

{[%evp 16,83,28,33,36,38,63,54,85,44,66,63,74,54,77,81,87,29,41,36,60,55,110,121,87,98,83,68,80,58,123,108,130,127,113,111,530,503,491,295,310,314,301,318,452,452,527,536,540,535,526,506,471,303,533,533,528,528,506,450,522,520,460,465,791,954,870,789,795,788]} 1. Nf3 Nf6 2. g3 b6 3. Bg2 Bb7 4. O-O g6 5. c4 Bg7 6. d4 O-O 7. Bf4 {A50: Queen's Fianchetto Defence (1 d4 Nf6 2 c4 b6)} d6 8. Re1 e6 9. Qc2 {LiveBook: 4 Games. White has an edge.} Nh5 $146 ({Predecessor:} 9... Nbd7 10. Nc3 Qe7 11. Rad1 h6 12. e4 e5 13. dxe5 dxe5 14. Nd5 Nxd5 15. exd5 {½-½ (53) Tomashevsky,E (2745)-Mamedyarov,S (2756) Jurmala 2015}) 10. Bg5 f6 11. Bd2 {Black must now prevent g4.} e5 12. Nc3 Nc6 13. d5 Ne7 14. b4 h6 15. e4 Bc8 16. c5 (16. a4 $16) 16... f5 $11 17. Rac1 a6 18. exf5 gxf5 ({Black should try} 18... Bxf5 $14 19. Qb3 Rb8) 19. Nxe5 $16 Bxe5 {[#]} 20. Rxe5 $1 {[%mdl 512]} dxe5 21. Bxh6 e4 22. Bxf8 Qxf8 (22... Kxf8 $14 23. Rd1 bxc5) 23. d6 $36 {[%mdl 2048] White has strong initiative.} cxd6 24. cxd6 Ng6 25. Nxe4 Bb7 $2 {[%mdl 8192]} (25... Be6 $16) 26. Qb3+ Kh8 27. Qe6 Qh6 28. Rc7 Ng7 (28... Bxe4 29. d7 $18) 29. Qf6 Bxe4 {[#]} (29... fxe4 $142 30. d7 (30. Rxb7 e3 $16) 30... e3 31. Bxb7 e2) 30. d7 $1 $18 {Threatens to win with Bxe4.} Bxg2 31. d8=Q+ Rxd8 32. Qxd8+ Kh7 {Strongly threatening ...Be4.} 33. Kxg2 Ne5 34. Qd4 Qxh2+ $2 (34... Qe6 35. Kf1 Kg6) 35. Kxh2 {White is clearly winning.} Nf3+ 36. Kg2 {[%csl Gc7][%cal Rd4g7]} Nxd4 37. a4 f4 38. g4 Kg6 39. Ra7 Nge6 (39... a5 $142 40. Ra6 Kg5 41. Rxb6 axb4) 40. Rxa6 Kg5 41. Rxb6 f3+ 42. Kf1 {Precision: White = 75%, Black = 33%.} 1-0

[Event "13th Poti Nana Aleksandria Cup"]
[Site "Poti"]
[Date "2018.07.18"]
[Round "7"]
[White "Paichadze, Luka"]
[Black "Matsenko, Sergei"]
[Result "1/2-1/2"]
[WhiteElo "2564"]
[BlackElo "2539"]
[Annotator "TA"]
[PlyCount "96"]
[EventDate "2018.07.13"]
[EventType "swiss"]
[EventCountry "GEO"]
[SourceTitle "playchess.com"]
[Source "ChessBase"]
[SourceQuality "1"]

{[%evp 16,96,10,0,0,-19,-16,-15,-17,-31,-28,-31,-21,-55,-23,-23,-24,-28,-5,-8,-8,-14,-8,-6,-4,-12,0,0,0,0,0,-23,0,0,0,0,0,0,11,6,11,11,0,0,35,35,48,15,29,20,55,0,0,0,0,0,0,0,0,0,0,0,0,0,0,0,0,0,0,0,29,0,4,6,4,0,0,0,0,0,0,0,0]} 1. e4 e6 2. d3 d5 3. Nd2 Nf6 4. g3 dxe4 5. dxe4 Bc5 6. Bg2 e5 7. Ngf3 Nbd7 8. O-O O-O 9. Qe2 {LiveBook: 13 Partien} b6 {C00: Französische Verteidigung (Seltene Züge)} 10. h3 $146 ({Vorgänger:} 10. b3 a5 11. Bb2 Qe7 12. a3 Ba6 13. c4 Bb7 14. Nh4 g6 15. Kh1 Rfe8 16. Rfd1 Bd4 17. Bxd4 exd4 {1-0 (44) Biliskov,V (2319)-Martinovic,S (2502) Zadar 2010}) 10... a5 11. Rd1 Ba6 12. Qe1 Qe7 13. Nh4 Rfd8 14. Nf1 {[%cal Bd2f1,Bf1e3,Be3d5][%mdl 32]} g6 15. Bg5 Qe8 16. Ne3 Bb4 17. c3 Be7 18. Nf3 Bb7 ({Vergiftet wäre} 18... Nxe4 $2 19. Bxe7 Nxf2 20. Qxf2 $18) 19. Bxf6 Bxf6 20. Nd5 Rac8 21. b4 Bxd5 22. Rxd5 c6 23. Rd3 Ra8 24. a3 Nf8 25. Rxd8 Qxd8 26. Bf1 Ne6 27. Rd1 $36 {[%mdl 2048] Weiss hat gut koordiniertes Spiel.} Qe7 28. Qe3 axb4 29. axb4 Rb8 (29... b5 {looks sharper.} 30. Qb6 Nd8 31. h4 Kg7 32. Qe3 Ra2) 30. h4 Rd8 31. Rxd8+ Qxd8 32. Bh3 Ng7 33. Qe2 (33. Qd2 $14) 33... Ne8 $11 34. Qc4 Qc7 35. Qd3 Nd6 36. Kg2 Nb5 37. Nd2 Qd8 38. Qe3 Na3 39. Kg1 h5 40. Bf1 g5 41. Nf3 {[%cal Rh4g5]} gxh4 42. gxh4 Bxh4 43. Qh6 Bf6 {Die Stellung ist ausgeglichen.} 44. Qxh5 Qd6 45. Qg4+ Kf8 46. Qc8+ Kg7 47. Qg4+ Kf8 48. Qc8+ Kg7 {Precision: Weiß = 73%, Schwarz = 68%.} 1/2-1/2

[Event "13th Poti Nana Aleksandria Cup"]
[Site "Poti"]
[Date "2018.07.18"]
[Round "7"]
[White "Golubov, Saveliy"]
[Black "Eynullayev, Altay"]
[Result "1/2-1/2"]
[WhiteElo "2488"]
[BlackElo "2134"]
[Annotator "RC"]
[PlyCount "66"]
[EventDate "2018.07.13"]
[EventType "swiss"]
[EventCountry "GEO"]
[SourceTitle "playchess.com"]
[Source "ChessBase"]
[SourceQuality "1"]
[TimeControl "40/5400+30:1800+30"]

1. d4 {[%emt 0:00:00]} Nf6 {[%emt 0:00:00]} 2. Nf3 {[%emt 0:00:06]} e6 {[%emt 0:00:00]} 3. Bf4 {[%emt 0:00:11]} c5 {[%emt 0:00:00]} 4. e3 {[%emt 0:00:04]} Nc6 {[%emt 0:00:00]} 5. Nbd2 {[%emt 0:00:26]} d5 {[%emt 0:00:00]} 6. c3 {[%emt 0:00:06]} cxd4 {[%emt 0:00:06]} 7. exd4 {[%emt 0:00:06]} Nh5 {[%emt 0:00:03]} 8. Be3 {[%emt 0:05:31]} Bd6 {[%emt 0:00:20]} 9. Ne5 {[%emt 0:00:20]} g6 {[%emt 0:00:07]} 10. g4 {[%emt 0:13:27]} Ng7 {[%emt 0:00:05]} 11. f4 {[%emt 0:31:41]} f6 {[%emt 0:02:52]} 12. Nd3 {[%emt 0:02:17]} O-O {[%emt 0:10:27]} 13. Bg2 {[%emt 0:02:55]} e5 {[%emt 0:07:15]} 14. Bxd5+ {[%emt 0:05:33]} Kh8 {[%emt 0:00:09]} 15. O-O {[%emt 0:00:25]} exd4 {[%emt 0:01:09]} 16. cxd4 {[%emt 0:00:01]} Re8 {[%emt 0:08:43]} 17. Re1 {[%emt 0:05:52]} Bc7 {[%emt 0:08:57]} 18. Bg2 {[%emt 0:00:07]} Bb6 {[%emt 0:14:11]} 19. Nb3 {[%emt 0:12:43]} Nxd4 {[%emt 0:05:10]} 20. Bxd4 {[%emt 0:00:30]} Bxd4+ {[%emt 0:00:04]} 21. Kh1 {[%emt 0:00:10]} Rxe1+ {[%emt 0:05:08]} 22. Nxe1 {[%emt 0:00:40]} Bb6 {[%emt 0:00:08]} 23. Qxd8+ {[%emt 0:01:43]} Bxd8 {[%emt 0:00:11]} 24. h3 {[%emt 0:00:01]} Bc7 {[%emt 0:08:17]} 25. Nd3 {[%emt 0:00:10]} Rb8 {[%emt 0:03:07]} 26. Re1 {[%emt 0:03:07]} Bd6 {[%emt 0:04:06]} 27. Nbc5 {[%emt 0:02:32]} Kg8 {[%emt 0:03:38]} 28. Ne4 {[%emt 0:00:24]} Be7 {[%emt 0:00:23]} 29. Ng5 {[%emt 0:00:08]} fxg5 {[%emt 0:04:37]} 30. Rxe7 {[%emt 0:00:09]} Kf8 {[%emt 0:07:41]} 31. Rc7 {[%emt 0:00:02]} Ne6 {[%emt 0:00:51]} 32. Rxh7 {[%emt 0:00:07]} Kg8 {[%emt 0:00:26]} 33. Re7 {[%emt 0:01:40]} Kf8 {[%emt 0:00:05]} 1/2-1/2

[Event "13th Poti Nana Aleksandria Cup"]
[Site "Poti"]
[Date "2018.07.18"]
[Round "7"]
[White "Benidze, Davit"]
[Black "Harutyunian, Tigran K"]
[Result "1/2-1/2"]
[WhiteElo "2487"]
[BlackElo "2500"]
[Annotator "TA"]
[PlyCount "87"]
[EventDate "2018.07.13"]
[EventType "swiss"]
[EventCountry "GEO"]
[SourceTitle "playchess.com"]
[Source "ChessBase"]
[SourceQuality "1"]

{[%evp 16,87,-12,-25,-1,-14,-14,-18,-12,-30,-30,-31,0,-9,0,0,0,-6,1,-37,0,0,0,0,0,0,0,0,0,0,0,0,0,0,0,0,0,0,0,-7,0,0,0,0,0,0,0,0,0,0,0,0,0,0,0,0,0,0,7,0,0,0,0,0,0,0,0,0,0,0,0,0,0,0]} 1. Nf3 d5 2. g3 Nf6 3. Bg2 e6 4. O-O Be7 5. d3 O-O 6. Nbd2 a5 {A07: Réti Opening: New York and Capablanca Systems} (6... c5 7. e4 Nc6 8. Re1 Qc7 9. e5 Nd7 10. Qe2 b5 11. Nf1 Bb7 12. Bf4 Rfc8 13. Ne3 Qd8 14. h4 h6 15. c3 b4 16. c4 Nb6 17. Rad1 Rc7 18. Ng4 Qf8 19. Qe3 Nd4 20. Nxd4 cxd4 {0-1 (44) Svidler,P (2760)-Kramnik,V (2800) Moscow 2018}) 7. Re1 a4 8. a3 c5 9. e4 {LiveBook: 6 Games} Ra6 10. c3 $146 ({Predecessor:} 10. Qe2 b5 11. e5 Ne8 12. Nf1 {½-½ (12) Schoen,W (2430)-Madl,I (2345) Berlin West 1988}) 10... b5 {[%cal Bb7b5,Bb5b4][%mdl 32]} 11. e5 Nfd7 12. Nf1 Nc6 {[%cal Bb8c6,Bc6a5,Ba5b3][%mdl 32]} 13. h4 Na5 14. Bf4 Nb3 15. Rb1 b4 16. c4 Nb6 17. Qc2 Ra7 18. N1d2 {The position is equal.} Ba6 19. axb4 cxb4 20. Nxb3 axb3 21. Qxb3 dxc4 22. dxc4 Bxc4 23. Qe3 Rd7 24. Bg5 Bxg5 25. Nxg5 Bd3 26. Rbc1 h6 27. Nh3 b3 {Threatens to win with ...Nc4.} 28. Bc6 $1 {[%cal Rc6d7]} Nc4 29. Rxc4 $1 Bxc4 30. Bxd7 Qxd7 31. Nf4 Rd8 32. Rc1 Qd4 33. Qc3 Ba6 34. Qxd4 Rxd4 $11 {[%mdl 4096] Endgame KRB-KRN} 35. Rc3 $1 Bc4 (35... Rd1+ {is more complex.} 36. Kg2 g5 37. hxg5 hxg5 38. Nh5 Be2) 36. h5 Kh7 (36... f6 {looks sharper.} 37. Kg2 Kf7 38. Kf3 fxe5 39. Ke3 Bd5) 37. f3 Bd5 38. Nxd5 Rxd5 39. Rxb3 Rxe5 {KR-KR} 40. g4 Re2 41. Rb7 f5 42. gxf5 exf5 43. b4 Rb2 44. Rb5 {Precision: White = 75%, Black = 62%.} 1/2-1/2

[Event "13th Poti Nana Aleksandria Cup"]
[Site "Poti"]
[Date "2018.07.18"]
[Round "7"]
[White "Sindarov, Javokhir"]
[Black "Sattarov, Bobir"]
[Result "1-0"]
[WhiteElo "2474"]
[BlackElo "2328"]
[Annotator "ChessBase"]
[PlyCount "109"]
[EventDate "2018.07.13"]
[EventType "swiss"]
[EventCountry "GEO"]
[SourceTitle "playchess.com"]
[Source "ChessBase"]
[SourceQuality "1"]
[TimeControl "40/5400+30:1800+30"]

1. e4 {[%emt 0:06:38]} e6 {[%emt 0:00:00]} 2. d4 {[%emt 0:00:40]} d5 {[%emt 0:00:00]} 3. e5 {[%emt 0:01:18]} c5 {[%emt 0:00:04]} 4. c3 {[%emt 0:00:02]} Qb6 {[%emt 0:00:06]} 5. Nf3 {[%emt 0:00:19]} Bd7 {[%emt 0:00:17]} 6. Be2 {[%emt 0:01:18]} Nc6 {[%emt 0:01:21]} 7. a3 {[%emt 0:00:14]} c4 {[%emt 0:00:10]} 8. O-O {[%emt 0:02:14]} Na5 {[%emt 0:02:54]} 9. Nbd2 {[%emt 0:00:09]} Nh6 {[%emt 0:00:11]} 10. h3 {[%emt 0:03:13]} Be7 {[%emt 0:01:35]} 11. Qe1 {[%emt 0:03:16]} Ba4 {[%emt 0:00:21]} 12. Bd1 {[%emt 0:01:39]} Qc6 {[%emt 0:05:23]} 13. g4 {[%emt 0:01:25]} Bxd1 {[%emt 0:05:12]} 14. Qxd1 {[%emt 0:00:06]} f5 {[%emt 0:00:44]} 15. exf6 {[%emt 0:02:46]} gxf6 {[%emt 0:01:21]} 16. Nxc4 {[%emt 0:00:11]} Nxc4 {[%emt 0:00:01]} 17. Bxh6 {[%emt 0:00:07]} Nxb2 {[%emt 0:00:01]} 18. Qc2 {[%emt 0:00:07]} Nc4 {[%emt 0:05:06]} 19. Rfe1 {[%emt 0:06:27]} O-O-O {[%emt 0:00:11]} 20. Re2 {[%emt 0:00:53]} Rde8 {[%emt 0:07:50]} 21. Rae1 {[%emt 0:01:22]} Bd8 {[%emt 0:00:23]} 22. a4 {[%emt 0:01:01]} Rhg8 {[%emt 0:07:00]} 23. Kh1 {[%emt 0:08:13]} Bc7 {[%emt 0:14:30]} 24. Qxh7 {[%emt 0:02:39]} e5 {[%emt 0:16:02]} 25. Kg2 {[%emt 0:12:04]} Kb8 {[%emt 0:10:59]} 26. Qf5 {[%emt 0:03:12]} e4 {[%emt 0:08:13]} 27. Nd2 {[%emt 0:00:08]} Nb2 {[%emt 0:00:32]} 28. Nf1 {[%emt 0:09:07]} Nd3 {[%emt 0:02:39]} 29. Rb1 {[%emt 0:00:32]} Rg5 {[%emt 0:03:51]} 30. Bxg5 {[%emt 0:00:11]} fxg5 {[%emt 0:00:00]} 31. Re3 {[%emt 0:02:01]} Qxc3 {[%emt 0:00:36]} 32. Rd1 {[%emt 0:01:46]} Rh8 {[%emt 0:02:11]} 33. Rdxd3 {[%emt 0:00:15]} exd3 {[%emt 0:00:05]} 34. Rxd3 {[%emt 0:00:05]} Qc6 {[%emt 0:06:28]} 35. Qxg5 {[%emt 0:00:43]} Qxa4 {[%emt 0:00:15]} 36. Qxd5 {[%emt 0:00:27]} Rd8 {[%emt 0:00:18]} 37. Qe4 {[%emt 0:01:34]} a5 {[%emt 0:00:28]} 38. Ne3 {[%emt 0:02:14]} Qa2 {[%emt 0:00:40]} 39. d5 {[%emt 0:04:37]} a4 {[%emt 0:00:01]} 40. Nf5 {[%emt 0:00:00]} Bb6 {[%emt 0:00:00]} 41. Qf4+ {[%emt 0:04:03]} Ka7 {[%emt 0:09:37]} 42. d6 {[%emt 0:00:37]} Rd7 {[%emt 0:02:51]} 43. Ne7 {[%emt 0:03:10]} Bc5 {[%emt 0:02:24]} 44. Qf5 {[%emt 0:00:37]} Qc2 {[%emt 0:01:06]} 45. Rd4 {[%emt 0:00:11]} Qxf5 {[%emt 0:01:22]} 46. Rxa4+ Kb8 47. Nxf5 {[%emt 0:00:17]} b5 {[%emt 0:00:01]} 48. Ra5 {[%emt 0:00:21]} Rb7 {[%emt 0:00:07]} 49. g5 {[%emt 0:00:03]} Bb4 {[%emt 0:00:20]} 50. Ra6 {[%emt 0:00:42]} Bc3 {[%emt 0:00:07]} 51. g6 {[%emt 0:00:23]} b4 {[%emt 0:00:17]} 52. Rc6 {[%emt 0:00:43]} Ka7 {[%emt 0:00:44]} 53. h4 {[%emt 0:01:21]} b3 {[%emt 0:01:29]} 54. Rxc3 {[%emt 0:00:09]} b2 {[%emt 0:00:02]} 55. d7 {[%emt 0:00:34]} 1-0

[Event "13th Poti Nana Aleksandria Cup"]
[Site "Poti"]
[Date "2018.07.18"]
[Round "7"]
[White "Nigmatov, Ortik"]
[Black "Hayrapetyan, Hovik"]
[Result "1/2-1/2"]
[WhiteElo "2461"]
[BlackElo "2453"]
[Annotator "TA"]
[PlyCount "76"]
[EventDate "2018.07.13"]
[EventType "swiss"]
[EventCountry "GEO"]
[SourceTitle "playchess.com"]
[Source "ChessBase"]
[SourceQuality "1"]

{[%evp 11,76,7,16,-8,14,10,4,-3,8,5,20,-87,-67,-55,-57,-67,-68,-60,-58,-68,-62,-52,-56,-85,-85,-95,-88,-89,-97,-86,-108,-190,-80,-75,-8,-8,-8,-8,-8,-8,-8,-8,-8,-8,-13,-8,-8,-8,-8,-19,-19,-19,-19,-13,-12,-22,-12,-23,0,0,0,0,0,0,0,0,0]} 1. Nf3 Nf6 2. e3 b6 3. b3 Bb7 4. Bb2 e6 5. c4 c5 6. Nc3 {A30: Englische Eröffnung (Symmetrische Variante)} (6. Be2 Be7 7. d4 cxd4 8. Nxd4 O-O 9. O-O d6 10. Bf3 Qc8 11. Nc3 Nbd7 12. Qe2 a6 13. Rad1 Rd8 14. Bxb7 Qxb7 15. e4 Rac8 16. f4 Nc5 17. Rfe1 {½-½ (52) Grischuk,A (2772)-Yu,Y (2751) Huaian 2017}) 6... Be7 {LiveBook: 45 Partien} 7. g3 Nc6 {[%cal Bb8c6,Bc6e5,Be5d3][%mdl 32]} 8. Bg2 Ne5 {Mit der Idee ...Sd3+.} 9. O-O Nd3 $146 ({Vorgänger:} 9... Nxf3+ 10. Bxf3 Bxf3 11. Qxf3 O-O 12. d4 cxd4 13. exd4 {1-0 (23) Garcia Alonso,J-Colino Labrador,A Valladolid 1980}) 10. Ba3 d5 $1 {[%cal Rd5c4]} 11. Ng5 (11. cxd5 $11 Nxd5 12. Nxd5 Bxd5 13. Qe2) 11... h6 $36 {[%mdl 2048] Schwarz kämpft um Vorteil.} 12. Nh3 Qd7 13. cxd5 Nxd5 14. Qe2 N5b4 {[#] Droht stark ...Lxg2.} 15. Bxb7 Qxb7 16. Bxb4 Nxb4 17. d4 cxd4 18. exd4 Rc8 19. Qb5+ Qc6 20. Rac1 O-O 21. a3 {[#]} (21. Qxc6 $17 {war nötig.} Rxc6 22. Nb5) 21... Qxb5 (21... Qf3 $1 $19 {Und ...Sd3 würde nun gewinnen.} 22. axb4 Rxc3 23. Rxc3 Qxc3) 22. Nxb5 $17 Nd3 ({Besser ist} 22... Nc6 $17 {...a6 ist eine echte Drohung.} 23. b4 a6) 23. Rxc8 $1 $11 Rxc8 24. Nxa7 Rc3 25. Rb1 $1 Bxa3 {Droht ...Lc1 und aus.} 26. Nb5 Rc1+ 27. Rxc1 Bxc1 {[%mdl 4096] Endspiel KLS-KSS} 28. Kf1 Bb2 29. Ng1 Nc1 30. Nf3 Nxb3 31. Ke2 f6 32. Kd3 {zielt auf Kc2 ab.} e5 $1 33. dxe5 Nc5+ 34. Kc4 Bxe5 35. Nxe5 {Die Stellung ist ausgeglichen.} fxe5 36. Nd6 Kf8 37. Kd5 e4 38. Nc8 Nd3 {Precision: Weiß = 68%, Schwarz = 59%.} 1/2-1/2